[Event "Sparkassen-Open A"]
[Site "Heusenstamm, Martinsee"]
[Date "2024.11.24"]
[Round "7.53"]
[White "Pradeep, Harshill"]
[Black "Henrich, Thomas"]
[Result "1/2-1/2"]
[WhiteElo "1894"]
[BlackElo "2085"]
[PlyCount "160"]
[EventDate "2024.11.21"]
[WhiteTeam "SK Bickenbach"]
[BlackTeam "SK Marburg 1931/72"]

1. e4 c5 2. Nf3 Nc6 3. Bb5 Nf6 4. Nc3 g6 5. Bxc6 dxc6 6. h3 Bg7 7. d3 O-O 8. O-O Qc7 9. Be3 b6 10. a4 a5 11. Qd2 Re8 12. Nh2 Ba6 13. f4 Rad8 14. Rad1 c4 15. Qf2 Rb8 16. d4 Qd7 17. d5 b5 18. axb5 Bxb5 19. Qf3 Qb7 20. Nxb5 Qxb5 21. dxc6 Qxc6 22. e5 Ne4 23. Rfe1 f5 24. Bd4 e6 25. Nf1 Qa4 26. Nd2 Nxd2 27. Rxd2 Red8 28. Red1 Bf8 29. Bc3 Rxd2 30. Rxd2 Qb5 31. Qf1 a4 32. Kh2 Qc6 33. Qd1 Rb7 34. Rd8 Kf7 35. Rd2 Be7 36. Rd4 Bc5 37. Rd8 Be7 38. Rd4 Ke8 39. Qe2 Rc7 40. Rd1 h5 41. Qe1 h4 42. Bb4 Qe4 43. Qd2 Kf7 44. Bxe7 Rxe7 45. Qf2 g5 46. Rd4 Qb7 47. fxg5 Kg6 48. Qxh4 Rh7 49. Qf4 Qxb2 50. Rxc4 a3 51. Rc6 Re7 52. g4 Kg7 53. gxf5 exf5 54. Qxf5 Qxe5+ 55. Qxe5+ Rxe5 56. Ra6 Rxg5 57. Rxa3 Rc5 58. c3 Kf6 59. Kg3 Rc4 60. Rb3 Kg5 61. Kg2 Kh5 62. Kf2 Kg5 63. Ke2 Rh4 64. Kd3 Kf6 65. Rb2 Ke5 66. Rd2 Kd5 67. Kc2+ Kc4 68. Rd3 Rf4 69. Rg3 Rf2+ 70. Kd1 Rh2 71. Ke1 Rc2 72. h4 Rh2 73. Kf1 Rxh4 74. Kg2 Rf4 75. Re3 Rf8 76. Rg3 Rf7 77. Rh3 Rf8 78. Re3 Rf7 79. Rf3 Rxf3 80. Kxf3 Kxc3 1/2-1/2

[Event "Sparkassen-Open A"]
[Site "Heusenstamm, Martinsee"]
[Date "2024.11.24"]
[Round "7.54"]
[White "Heppert, Lars"]
[Black "Dörr, Tarik"]
[Result "0-1"]
[WhiteElo "1911"]
[BlackElo "2056"]
[PlyCount "108"]
[EventDate "2024.11.21"]
[WhiteTeam "SK Neuburg"]
[BlackTeam "SC Einrich e.V."]

1. Nf3 Nf6 2. c4 g6 3. g3 Bg7 4. Bg2 O-O 5. O-O c5 6. d4 cxd4 7. Nxd4 Nc6 8. Nc2 d6 9. Nc3 Rb8 10. e4 a6 11. Qe2 Bg4 12. f3 Be6 13. Be3 Ne5 14. Nd5 b5 15. Nd4 bxc4 16. f4 Nxd5 17. exd5 Bg4 18. Qc2 Qb6 19. Qd2 Nd3 20. Nc6 Qxb2 21. Nxb8 Rxb8 22. Qxb2 Rxb2 23. Rab1 c3 24. Rxb2 cxb2 25. Be4 Be2 26. Rb1 f5 27. Bg2 Nb4 28. Bf1 Bxf1 29. Kxf1 Nxd5 30. Bd2 Nb6 31. Ke2 Nc4 32. Bc1 bxc1=N+ 33. Rxc1 d5 34. Kd3 e5 35. fxe5 Bxe5 36. Rb1 Nb2+ 37. Kc2 Kf7 38. Rf1 Ke6 39. Rf3 Nc4 40. Rb3 g5 41. Rb7 f4 42. Rxh7 fxg3 43. hxg3 Kf5 44. Kd3 Kg4 45. Rd7 Nd6 46. Ra7 Ne4 47. Ra8 Kxg3 48. Ke3 Nc5 49. Rc8 d4+ 50. Ke2 d3+ 51. Kd2 Bf4+ 52. Kc3 d2 53. Rd8 Ne4+ 54. Kb4 Bd6+ 0-1

[Event "Sparkassen-Open A"]
[Site "Heusenstamm, Martinsee"]
[Date "2024.11.24"]
[Round "7.55"]
[White "Piotraschke, Jens"]
[Black "Lang, Nico"]
[Result "1-0"]
[WhiteElo "2056"]
[BlackElo "1896"]
[PlyCount "61"]
[EventDate "2024.11.21"]
[WhiteTeam "TuS Coswig 1920"]
[BlackTeam "Schachverein Ahlen 1954 e. V."]

1. d4 d5 2. Nf3 Bf5 3. c4 c6 4. e3 e6 5. Nc3 Bg6 6. Qb3 Qc7 7. Ne5 f5 8. Bd2 Nd7 9. Nxd7 Qxd7 10. Be2 Nf6 11. Rc1 Be7 12. O-O O-O 13. f3 Kh8 14. Nd1 Rf7 15. Nf2 h6 16. Bb4 Bxb4 17. Qxb4 Qe7 18. Qxe7 Rxe7 19. Nd3 Nd7 20. f4 Bh7 21. c5 g5 22. Rfd1 Bg6 23. Rc2 Kg7 24. Rb1 Ree8 25. b4 g4 26. b5 Reb8 27. Rcb2 Kf6 28. Ne5 Be8 29. bxc6 Nxe5 30. fxe5+ Ke7 31. cxb7 1-0

[Event "Sparkassen-Open A"]
[Site "Heusenstamm, Martinsee"]
[Date "2024.11.24"]
[Round "7.56"]
[White "Schlößner, Henrik"]
[Black "Schulze, Manfred"]
[Result "1-0"]
[WhiteElo "2049"]
[BlackElo "1889"]
[PlyCount "85"]
[EventDate "2024.11.21"]
[WhiteTeam "SK Gründau"]
[BlackTeam "SC Steinbach"]

1. e4 e5 2. Nf3 Nf6 3. Nxe5 d6 4. Nf3 Nxe4 5. Nc3 Nf6 6. d4 Bg4 7. Be3 d5 8. a3 Bd6 9. h3 Bf5 10. Bd3 Bxd3 11. Qxd3 c6 12. O-O O-O 13. Ne5 Nbd7 14. f4 Re8 15. Rae1 a6 16. g4 Ne4 17. Nxe4 dxe4 18. Qb3 Qe7 19. Qxb7 Nxe5 20. Qxe7 Nf3+ 21. Rxf3 Rxe7 22. Rf2 Rb8 23. b4 g6 24. Rd2 a5 25. c3 axb4 26. axb4 Ra8 27. d5 cxd5 28. Rxd5 Bc7 29. Red1 Ree8 30. Rd7 Bd8 31. b5 Bf6 32. c4 Ra3 33. Kf2 Bc3 34. Rd8 Ra2+ 35. Kf1 Rxd8 36. Rxd8+ Kg7 37. c5 Ra1+ 38. Ke2 Rh1 39. c6 Ba5 40. b6 Rh2+ 41. Kd1 Rxh3 42. Bd4+ Kh6 43. c7 1-0

[Event "Sparkassen-Open A"]
[Site "Heusenstamm, Martinsee"]
[Date "2024.11.24"]
[Round "7.57"]
[White "Li, Yunqi"]
[Black "Dorfner, Jeremias"]
[Result "1/2-1/2"]
[WhiteElo "2046"]
[BlackElo "1882"]
[PlyCount "81"]
[EventDate "2024.11.21"]
[WhiteTeam "SF 59 Kornwestheim"]
[BlackTeam "TV-Großostheim 1900 e.V."]

1. d4 d5 2. c4 dxc4 3. e3 e6 4. Bxc4 a6 5. a4 c5 6. Nf3 Nf6 7. O-O Be7 8. dxc5 Qxd1 9. Rxd1 Bxc5 10. b3 O-O 11. Ba3 Bxa3 12. Nxa3 Nbd7 13. Rd4 b6 14. Rad1 Nc5 15. Ne5 Ra7 16. f3 Re8 17. Rd6 Nfd7 18. Nxd7 Nxd7 19. Nc2 Rc7 20. Nb4 Nc5 21. Nc6 Nb7 22. Nb4 Nxd6 23. Rxd6 a5 24. Nd3 Rb7 25. Bb5 Rf8 26. Ne5 f6 27. Nc4 Kf7 28. Nxb6 Ra7 29. Bc4 Ba6 30. Bxe6+ Ke7 31. Rc6 Bb7 32. Nd5+ Ke8 33. Rc5 Bxd5 34. Bxd5 Kd7 35. e4 Kd6 36. Rb5 Rc8 37. Bc4 Rc5 38. Rb6+ Ke5 39. Kf2 Kd4 40. Rd6+ Kc3 41. Ke3 1/2-1/2

[Event "Sparkassen-Open A"]
[Site "Heusenstamm, Martinsee"]
[Date "2024.11.24"]
[Round "7.58"]
[White "Udelnov, Valentin"]
[Black "Kessler, Georg"]
[Result "1-0"]
[WhiteElo "1980"]
[BlackElo "1876"]
[PlyCount "45"]
[EventDate "2024.11.21"]
[WhiteTeam "SG Aufbau Elbe Magdeburg"]
[BlackTeam "SC Sulzbach-Rosenberg"]

1. e4 e5 2. Nf3 Nf6 3. Nxe5 d6 4. Nf3 Nxe4 5. d4 d5 6. Bd3 Bd6 7. O-O O-O 8. c4 c6 9. Qc2 Re8 10. Re1 Bf5 11. Nc3 Na6 12. a3 Nxc3 13. Bxf5 Rxe1+ 14. Nxe1 Ne4 15. Bxe4 dxe4 16. Qxe4 Qd7 17. Be3 Re8 18. Qf3 Qc7 19. h3 Qa5 20. Nd3 Re6 21. Rc1 Rf6 22. Qg4 Qd8 23. Bg5 1-0

[Event "Sparkassen-Open A"]
[Site "Heusenstamm, Martinsee"]
[Date "2024.11.24"]
[Round "7.59"]
[White "Steigleder, Maximilian"]
[Black "Vranckx, Oscar"]
[Result "1/2-1/2"]
[WhiteElo "1873"]
[BlackElo "2025"]
[PlyCount "158"]
[EventDate "2024.11.21"]
[WhiteTeam "Sfr.1932 Kelkheim"]
[BlackTeam "Sfr.Mainz 1928"]

1. e4 c5 2. c3 e5 3. Nf3 Nc6 4. Bc4 Nf6 5. Ng5 d5 6. exd5 Nxd5 7. Qh5 g6 8. Qf3 Qxg5 9. Bxd5 Nd8 10. O-O Qf5 11. Re1 Bg7 12. d4 cxd4 13. cxd4 Qxf3 14. Bxf3 O-O 15. dxe5 Re8 16. Nc3 Rxe5 17. Bf4 Rxe1+ 18. Rxe1 Be6 19. Be5 Nc6 20. Bxg7 Kxg7 21. Bd5 Bxd5 22. Nxd5 Rd8 23. Nc3 Nb4 24. Kf1 Rd7 25. a3 Nc6 26. Rd1 Rxd1+ 27. Nxd1 Kf6 28. Ke2 Ke5 29. Kd3 f5 30. Ne3 b5 31. Nc2 g5 32. f3 h5 33. Ke3 Na5 34. Kd3 Nc6 35. Ke3 Ne7 36. Nb4 a5 37. Nd3+ Kd5 38. b3 f4+ 39. Kd2 Nf5 40. Nf2 Ke5 41. Nh3 g4 42. fxg4 hxg4 43. Nf2 g3 44. Nd3+ Kd4 45. hxg3 fxg3 46. Nf4 a4 47. Ne2+ Kc5 48. bxa4 bxa4 49. Kc3 Ne3 50. Nxg3 Nxg2 51. Ne4+ Kb5 52. Kd4 Ne1 53. Nc3+ Ka5 54. Nxa4 Kxa4 55. Ke5 Nc2 56. Kf6 Nd4 57. Kg7 Nb3 58. Kh8 Na5 59. Kg7 Kb5 60. a4+ Kb4 61. Kh8 Kc5 62. Kg7 Kd6 63. Kh8 Ke6 64. Kg7 Ke5 65. Kh8 Kf6 66. Kg8 Ke6 67. Kg7 Kf5 68. Kh8 Kg5 69. Kg7 Kf5 70. Kh6 Kf6 71. Kh5 Ke5 72. Kh4 Kf4 73. Kh3 Kf3 74. Kh2 Kf2 75. Kh1 Ke3 76. Kg1 Kd4 77. Kf1 Kc4 78. Ke1 Kb4 79. Kd1 Kxa4 1/2-1/2

[Event "Sparkassen-Open A"]
[Site "Heusenstamm, Martinsee"]
[Date "2024.11.24"]
[Round "7.60"]
[White "Kuhn, Daniel"]
[Black "Aravindan, Midhulan"]
[Result "1-0"]
[WhiteElo "2011"]
[BlackElo "1870"]
[PlyCount "125"]
[EventDate "2024.11.21"]
[WhiteTeam "SK Landau"]
[BlackTeam "Schachgemeinschaft Porz e. V."]

1. e4 e6 2. d4 d5 3. e5 c5 4. c3 Qb6 5. Nf3 Nc6 6. a3 c4 7. Nbd2 Na5 8. Rb1 Bd7 9. Be2 Ne7 10. O-O Ng6 11. g3 a6 12. h4 h6 13. Qe1 Qc7 14. Bd1 b5 15. h5 Ne7 16. Nh4 g5 17. Ng2 Rg8 18. Ne3 Nf5 19. Ng4 Be7 20. Kg2 O-O-O 21. Nf3 Nc6 22. Bc2 Rdf8 23. Bd2 Rh8 24. a4 b4 25. b3 a5 26. Bxf5 exf5 27. Ne3 g4 28. Ng1 Nb8 29. cxb4 Bg5 30. b5 Qb7 31. Ne2 f6 32. exf6 Bxf6 33. Bxa5 Bg5 34. Qb4 Be6 35. Nf4 Bxf4 36. gxf4 Nd7 37. Qd6 Rf6 38. Rh1 Bf7 39. Qb4 Qb8 40. Kg3 Re8 41. Ng2 Re4 42. bxc4 Rxd4 43. Rbc1 dxc4 44. Rhd1 Rfd6 45. Rxd4 Rxd4 46. Qe7 Bg8 47. Bc3 Rd3+ 48. Ne3 Qb7 49. Qe8+ Kc7 50. Ba5+ Nb6 51. Qe5+ Kc8 52. Qxf5+ Kb8 53. Qxg4 Bd5 54. Bxb6 Qxb6 55. Re1 Qb7 56. Kh2 Bf3 57. Qg8+ Ka7 58. Qxc4 Rd2 59. Qc5+ Kb8 60. Nc4 Qf7 61. Qe5+ Kc8 62. Nxd2 Bxh5 63. Qe6+ 1-0

[Event "Sparkassen-Open A"]
[Site "Heusenstamm, Martinsee"]
[Date "2024.11.24"]
[Round "7.61"]
[White "Winand, Edgar"]
[Black "Schröder, Jürgen"]
[Result "1/2-1/2"]
[WhiteElo "1878"]
[BlackElo "2020"]
[PlyCount "101"]
[EventDate "2024.11.21"]
[WhiteTeam "SF Frankfurt 1921"]
[BlackTeam "SC Matt im Park Ffm"]

1. g4 d5 2. Bg2 c6 3. h3 e5 4. d3 Bc5 5. Nf3 Qe7 6. O-O f5 7. Bg5 Nf6 8. gxf5 Bxf5 9. Nc3 h6 10. Bxf6 gxf6 11. e4 Be6 12. Nh4 Qg7 13. exd5 Bxh3 14. Qh5+ Kd7 15. Kh2 Bxg2 16. Nxg2 Kc7 17. Ne4 Nd7 18. dxc6 bxc6 19. Nh4 Rh7 20. Nf5 Qf7 21. Qxf7 Rxf7 22. Rg1 Bb6 23. Rg6 Rh8 24. Rag1 Nc5 25. Rg7 Rhf8 26. Nxh6 Rd7 27. Rxd7+ Kxd7 28. Rg8 Rxg8 29. Nxf6+ Ke6 30. Nfxg8 Na4 31. b3 Nc3 32. a4 Nd5 33. Ng4 Nb4 34. Kg3 Nxc2 35. f4 exf4+ 36. Kxf4 Nd4 37. b4 Nc2 38. b5 cxb5 39. axb5 Kd5 40. N8f6+ Kc5 41. Nd7+ Kxb5 42. Nxb6 Kxb6 43. Ne3 Ne1 44. Ke4 Kb5 45. Kd4 Kb4 46. Nd5+ Kb3 47. Kc5 a5 48. Nb6 Nxd3+ 49. Kb5 Ne5 50. Kxa5 Nc4+ 51. Nxc4 1/2-1/2

[Event "Sparkassen-Open A"]
[Site "Heusenstamm, Martinsee"]
[Date "2024.11.24"]
[Round "7.62"]
[White "Werner, Tom"]
[Black "Derr, Oleg"]
[Result "1-0"]
[WhiteElo "1872"]
[BlackElo "2019"]
[PlyCount "113"]
[EventDate "2024.11.21"]
[WhiteTeam "VSG 1880 Offenbach"]
[BlackTeam "VSG 1880 Offenbach"]

1. Nf3 Nf6 2. Rg1 d5 3. d4 g6 4. h3 Bg7 5. g4 c5 6. e3 h5 7. g5 Ne4 8. Nbd2 Nc6 9. c3 cxd4 10. exd4 Bf5 11. Nxe4 dxe4 12. Nh4 Qd7 13. Nxf5 gxf5 14. Bf4 O-O-O 15. Bb5 e5 16. dxe5 Qc7 17. Qa4 Nxe5 18. Bxe5 Qxe5 19. Rd1 e3 20. Bd7+ Kb8 21. f4 Qc5 22. Ke2 a6 23. Rd3 Qc7 24. Rgd1 Rhg8 25. Bxf5 Rxd3 26. Rxd3 Rd8 27. Rxe3 Qd6 28. Rd3 Qe7+ 29. Qe4 Qc7 30. Rxd8+ Qxd8 31. Qc4 Qc7 32. Qe4 Qe7 33. Kf3 Qd8 34. Qd3 Qb6 35. b3 Qg1 36. Qd2 Qh1+ 37. Kg3 f6 38. Kh4 fxg5+ 39. Kxh5 Qf3+ 40. Kxg5 Bxc3 41. Qd6+ Ka7 42. h4 Qg3+ 43. Bg4 Qe3 44. h5 a5 45. h6 Bb4 46. Qe5 Qd3 47. Qe6 Bd2 48. Qf7 Qd8+ 49. Kh5 Be1 50. Qe6 Bd2 51. Qe5 Qd3 52. Bf5 Qf3+ 53. Kg5 Qg3+ 54. Bg4 Be1 55. Qc5+ Kb8 56. Qc8+ Ka7 57. h7 1-0

[Event "Sparkassen-Open A"]
[Site "Heusenstamm, Martinsee"]
[Date "2024.11.24"]
[Round "7.63"]
[White "Wambach, Jürgen"]
[Black "Alt, Johannes"]
[Result "1-0"]
[WhiteElo "2015"]
[BlackElo "1856"]
[PlyCount "67"]
[EventDate "2024.11.21"]
[WhiteTeam "SK 1982 Klingenberg e.V."]
[BlackTeam "Sfr.Heidesheim"]

1. c4 Nf6 2. g3 g6 3. Nc3 Bg7 4. Bg2 O-O 5. d4 d6 6. h3 c5 7. Nf3 Nc6 8. d5 Na5 9. Qd3 a6 10. O-O b5 11. cxb5 axb5 12. Qxb5 Ba6 13. Qa4 Bc4 14. Nd2 Nb3 15. Qxc4 Nxa1 16. Qd3 Qa5 17. Qb1 Rfb8 18. Qxa1 Nd7 19. a3 Ra7 20. f4 c4 21. Rf3 Nb6 22. e4 Qc5+ 23. Kh1 Na4 24. Qa2 Nxc3 25. bxc3 Ra4 26. Qc2 Rba8 27. Nb1 Qb5 28. Nd2 Rb8 29. Re3 Qc5 30. Nf1 Qb5 31. e5 dxe5 32. fxe5 Bh6 33. Re1 Qb1 34. Qxa4 1-0

[Event "Sparkassen-Open A"]
[Site "Heusenstamm, Martinsee"]
[Date "2024.11.24"]
[Round "7.64"]
[White "Will, Jonas"]
[Black "Thomas, Tobias"]
[Result "0-1"]
[WhiteElo "1869"]
[BlackElo "1979"]
[PlyCount "102"]
[EventDate "2024.11.21"]
[WhiteTeam "SV Schott Jena"]
[BlackTeam "SK Langen"]

1. e4 c5 2. Nf3 e6 3. d4 cxd4 4. Nxd4 a6 5. a3 Qc7 6. c4 Nf6 7. Nc3 b6 8. Bg5 Be7 9. Be2 Bb7 10. Qd3 Nc6 11. f4 h6 12. Bxf6 Bxf6 13. Nxc6 Bxc6 14. O-O O-O 15. e5 Be7 16. Ne4 Rab8 17. Rfd1 Rfd8 18. Nd6 Bxd6 19. Qxd6 Qb7 20. Bf1 b5 21. b4 Qa7+ 22. c5 Re8 23. Qd4 Qb7 24. Rd2 Ra8 25. Qc3 Ra7 26. Bd3 Rea8 27. Bc2 a5 28. Bd1 axb4 29. Qxb4 Rc8 30. Kf2 Bxg2 31. Rd3 Qe4 32. Qxe4 Bxe4 33. Rd4 Bd5 34. Bf3 Bxf3 35. Kxf3 Rxc5 36. Rd3 Kf8 37. Rb3 Ke7 38. Rab1 Ra4 39. Rxb5 Rxa3+ 40. R1b3 Rxb3+ 41. Rxb3 f6 42. exf6+ Kxf6 43. Rb7 d5 44. Rb8 Rc3+ 45. Kf2 Rh3 46. Kg2 Rh5 47. Kg3 g5 48. fxg5+ Rxg5+ 49. Kf3 Ke5 50. Rh8 Rf5+ 51. Ke3 Rh5 0-1

[Event "Sparkassen-Open A"]
[Site "Heusenstamm, Martinsee"]
[Date "2024.11.24"]
[Round "7.65"]
[White "Feick, Claas Marten"]
[Black "Müller, Maximilian"]
[Result "0-1"]
[WhiteElo "1809"]
[BlackElo "2005"]
[PlyCount "84"]
[EventDate "2024.11.21"]
[WhiteTeam "SF Neuberg"]
[BlackTeam "SVG Saarbrücken 1970 e.V."]

1. e4 e6 2. d4 d5 3. exd5 exd5 4. Bf4 Nc6 5. Nc3 Bb4 6. Nge2 Nge7 7. f3 Bf5 8. g4 Bg6 9. Qd2 Qd7 10. h4 h5 11. g5 Na5 12. Ng3 Nc4 13. Bxc4 dxc4 14. Kf2 O-O 15. Rad1 Rad8 16. Kg2 Nd5 17. Rc1 Nxf4+ 18. Qxf4 Bd6 19. Qd2 Bxg3 20. Kxg3 Qxd4 21. Qxd4 Rxd4 22. Nb5 Rd5 23. a4 c6 24. Na3 b5 25. axb5 cxb5 26. c3 a6 27. Nc2 Rd2 28. Rh2 Rfd8 29. Nd4 Rxh2 30. Kxh2 Rd6 31. f4 Bd3 32. Kg2 Kf8 33. Re1 f6 34. Re6 Rxe6 35. Nxe6+ Kf7 36. Nc5 fxg5 37. fxg5 a5 38. Kf3 Kg6 39. Nb7 a4 40. Nd6 b4 41. Nc8 a3 42. Ne7+ Kf7 0-1

[Event "Sparkassen-Open A"]
[Site "Heusenstamm, Martinsee"]
[Date "2024.11.24"]
[Round "7.66"]
[White "Neurohr, Jürgen"]
[Black "Behr, Julian"]
[Result "0-1"]
[WhiteElo "1999"]
[BlackElo "1803"]
[PlyCount "46"]
[EventDate "2024.11.21"]
[WhiteTeam "Sfr.Mainz 1928"]
[BlackTeam "Sfr.Mainz 1928"]

1. c4 e5 2. g3 Nf6 3. Bg2 Nc6 4. Nc3 Bc5 5. Nf3 d6 6. O-O O-O 7. e3 a6 8. d4 exd4 9. exd4 Ba7 10. h3 Bf5 11. Bg5 h6 12. Bxf6 Qxf6 13. Nd5 Qd8 14. Re1 Qd7 15. Kh2 Rfe8 16. Ne3 Be4 17. d5 Nb4 18. Ng1 Bh7 19. h4 Bxe3 20. Bh3 Bxf2 21. Bxd7 Rxe1 22. Qxe1 Bxe1 23. Rxe1 Nc2 0-1

[Event "Sparkassen-Open A"]
[Site "Heusenstamm, Martinsee"]
[Date "2024.11.24"]
[Round "7.67"]
[White "Pilhöfer, Lukas"]
[Black "Himmelspacht, Maxim"]
[Result "1-0"]
[WhiteElo "1949"]
[BlackElo "1802"]
[PlyCount "101"]
[EventDate "2024.11.21"]
[WhiteTeam "SC Sulzbach-Rosenberg"]
[BlackTeam "SK 1858 Gießen"]

1. d4 e6 2. c4 d5 3. Nf3 Nf6 4. g3 Bb4+ 5. Bd2 Be7 6. Bg2 O-O 7. O-O c6 8. Nc3 b6 9. cxd5 cxd5 10. Ne5 Bb7 11. Rc1 Nbd7 12. Nd3 Ne4 13. Bf4 Bd6 14. Bxd6 Nxd6 15. Qb3 Nf6 16. Ne5 Nfe4 17. Rfd1 Rc8 18. f3 Nxc3 19. bxc3 f6 20. Nd3 Nc4 21. e4 Ne3 22. Bh3 Nxd1 23. Bxe6+ Kh8 24. Bxc8 Qxc8 25. Rxd1 dxe4 26. fxe4 Bxe4 27. c4 Qf5 28. Rf1 Qd7 29. d5 Rd8 30. Re1 Bg6 31. Nf4 Bf7 32. Qb4 Re8 33. Rxe8+ Qxe8 34. Kf2 g5 35. Ne6 Bxe6 36. dxe6 Qxe6 37. Qf8+ Qg8 38. Qxf6+ Qg7 39. Qd8+ Qg8 40. Qd4+ Qg7 41. Ke3 Kg8 42. Qd5+ Kh8 43. Qd8+ Qg8 44. Qd4+ Qg7 45. Ke4 h5 46. Qxg7+ Kxg7 47. Kf5 Kh6 48. h3 a6 49. a3 a5 50. a4 h4 51. g4 1-0

[Event "Sparkassen-Open A"]
[Site "Heusenstamm, Martinsee"]
[Date "2024.11.24"]
[Round "7.68"]
[White "Kolar, Edvard"]
[Black "Werner, Florin"]
[Result "0-1"]
[WhiteElo "1771"]
[BlackElo "1963"]
[PlyCount "122"]
[EventDate "2024.11.21"]
[WhiteTeam "KS Rícany 1925"]
[BlackTeam "VSG 1880 Offenbach"]

1. d4 d5 2. e3 Nf6 3. Bd3 c5 4. b3 Nc6 5. Bb2 Bg4 6. Nf3 cxd4 7. exd4 e6 8. O-O Rc8 9. c4 Be7 10. Nbd2 O-O 11. Rc1 a6 12. c5 Nb4 13. Bb1 b6 14. a3 Nc6 15. b4 a5 16. Qb3 axb4 17. axb4 bxc5 18. dxc5 Rb8 19. b5 Na5 20. Qa4 Bxf3 21. Nxf3 Nc4 22. Bd4 Ra8 23. Qc2 Ne4 24. Rfe1 f6 25. Ba2 Na3 26. Qd3 Nxb5 27. Bxd5 Qxd5 28. Qxe4 Qxe4 29. Rxe4 Nxd4 30. Nxd4 e5 31. g3 Rfc8 32. Nb3 Rab8 33. Rc3 Kf7 34. Rec4 Ke6 35. c6 Kd5 36. Na5 Rb5 37. Rd3+ Ke6 38. Nb3 Rc7 39. Re3 Kd5 40. Rc2 Bc5 41. Nxc5 Rxc5 42. Rd3+ Kxc6 43. Rcd2 Rc4 44. Rd8 Re7 45. R2d6+ Kc7 46. Kf1 e4 47. Ke2 Rc2+ 48. Ke3 f5 49. h4 g6 50. Rd4 Rc3+ 51. Ke2 e3 52. fxe3 Rcxe3+ 53. Kf2 Re2+ 54. Kf3 h6 55. Rh8 g5 56. hxg5 hxg5 57. Rd3 R7e4 58. g4 f4 59. Rg8 Re5 60. Rxg5 Rxg5 61. Kxe2 Rxg4 0-1

[Event "Sparkassen-Open A"]
[Site "Heusenstamm, Martinsee"]
[Date "2024.11.24"]
[Round "7.69"]
[White "Wang, Simon"]
[Black "Bezsonna, Polina"]
[Result "0-1"]
[WhiteElo "1749"]
[BlackElo "1949"]
[PlyCount "76"]
[EventDate "2024.11.21"]
[WhiteTeam "SF Dachau 1932 e.V."]
[BlackTeam "SK Bad Homburg 1927"]

1. c4 Nf6 2. g3 g6 3. Bg2 Bg7 4. Nf3 d6 5. d4 O-O 6. O-O Nc6 7. d5 Nb8 8. Nc3 e5 9. e4 a5 10. a3 Bd7 11. b3 Na6 12. Bd2 Nc5 13. Qc2 a4 14. b4 Nb3 15. Rab1 Nh5 16. Ne1 f5 17. f3 Qe7 18. Nd3 fxe4 19. fxe4 Bg4 20. Be3 Nd4 21. Bxd4 exd4 22. Nxa4 Bh6 23. Nf2 Be3 24. Kh1 Rxf2 25. Rxf2 Bxf2 26. Qxf2 Rxa4 27. Qxd4 Rxa3 28. e5 Bf5 29. Re1 dxe5 30. Rxe5 Qxb4 31. h4 Qc3 32. Re8+ Kf7 33. Re7+ Kxe7 34. Qc5+ Kd7 35. Qb5+ Kd8 36. Qc5 Ra1+ 37. Bf1 Rxf1+ 38. Kg2 Qf3+ 0-1

[Event "Sparkassen-Open A"]
[Site "Heusenstamm, Martinsee"]
[Date "2024.11.24"]
[Round "7.70"]
[White "Kulkovets, Roman"]
[Black "Windmüller, Simon"]
[Result "1-0"]
[WhiteElo "1853"]
[BlackElo "2108"]
[PlyCount "83"]
[EventDate "2024.11.21"]
[WhiteTeam "SAbt TuS Makkabi Ffm"]
[BlackTeam "SC Turm Illingen"]

1. e4 d6 2. d4 Nf6 3. Bd3 e5 4. c3 Be7 5. f4 Nbd7 6. Nf3 exd4 7. cxd4 d5 8. e5 Ne4 9. Nc3 Nxc3 10. bxc3 g6 11. O-O Nf8 12. Qb3 c6 13. Ba3 Ne6 14. f5 Nf4 15. Bxe7 Qxe7 16. f6 Qc7 17. Bc2 Qa5 18. Rae1 Ne6 19. a4 Qd8 20. Qb4 b6 21. c4 a5 22. Qc3 Ba6 23. cxd5 cxd5 24. Bd3 Rc8 25. Qa3 Bxd3 26. Qxd3 Rc4 27. Rc1 Rxa4 28. Qb5+ Qd7 29. Rc8+ Nd8 30. Qxd7+ Kxd7 31. Rfc1 Rc4 32. R1xc4 dxc4 33. Rxc4 Nb7 34. Ng5 b5 35. Rc2 Ra8 36. d5 a4 37. e6+ Kd6 38. exf7 b4 39. Re2 Rf8 40. Re8 b3 41. Rxf8 b2 42. Ne4+ 1-0

[Event "Sparkassen-Open A"]
[Site "Heusenstamm, Martinsee"]
[Date "2024.11.24"]
[Round "7.71"]
[White "Zekovic, Alija"]
[Black "Diehl, Stefan"]
[Result "1/2-1/2"]
[WhiteElo "2069"]
[BlackElo "1865"]
[PlyCount "114"]
[EventDate "2024.11.21"]
[WhiteTeam "Dietzenbach"]
[BlackTeam "SC Eschborn 1974"]

1. e4 c6 2. d4 d5 3. e5 c5 4. c3 e6 5. f4 Nc6 6. Nf3 cxd4 7. cxd4 Qb6 8. a3 Nh6 9. Bd3 Bd7 10. Bc2 Rc8 11. O-O Be7 12. b4 Nxd4 13. Qxd4 Rxc2 14. Qxb6 axb6 15. Nd4 Rc8 16. Be3 Ng4 17. Bd2 O-O 18. h3 Nh6 19. Be3 Bd8 20. Nd2 f6 21. Rfc1 fxe5 22. fxe5 Nf5 23. Rxc8 Bxc8 24. Nxf5 Rxf5 25. Nf3 Bd7 26. a4 Be7 27. Bxb6 Bxb4 28. Bd4 Ba5 29. Kf2 Rf8 30. Rb1 Bc6 31. Ke3 h6 32. Bb6 Bxb6+ 33. Rxb6 Ra8 34. Nd4 Rxa4 35. Nxe6 Re4+ 36. Kd3 Rxe5 37. Nd8 Rg5 38. g4 h5 39. Nxc6 bxc6 40. Rxc6 hxg4 41. h4 Rh5 42. Rd6 Kh7 43. Ke3 Rf5 44. Ra6 g6 45. Ra4 Re5+ 46. Kf4 Re4+ 47. Rxe4 dxe4 48. Kxe4 Kh6 49. Kf4 Kh5 50. Kg3 g5 51. hxg5 Kxg5 52. Kg2 Kh4 53. Kh2 g3+ 54. Kg2 Kg4 55. Kg1 Kf3 56. Kf1 g2+ 57. Kg1 Kg3 1/2-1/2

[Event "Sparkassen-Open A"]
[Site "Heusenstamm, Martinsee"]
[Date "2024.11.24"]
[Round "7.72"]
[White "Stein, Tobias"]
[Black "Jansen, Malte"]
[Result "1-0"]
[WhiteElo "2034"]
[BlackElo "1863"]
[PlyCount "39"]
[EventDate "2024.11.21"]
[WhiteTeam "SV Alsfeld"]
[BlackTeam "SJ Herborn 1998"]

1. e4 e5 2. Nf3 Nc6 3. Bb5 a6 4. Ba4 Nf6 5. d3 b5 6. Bb3 Be7 7. O-O d6 8. c3 O-O 9. h3 Na5 10. Bc2 c5 11. Nbd2 Qc7 12. Re1 Nc6 13. Nf1 Re8 14. Ng3 d5 15. d4 dxe4 16. Nxe4 Nxe4 17. Bxe4 exd4 18. Bf4 Qb6 19. Ne5 Bb7 20. Bxh7+ 1-0

[Event "Sparkassen-Open A"]
[Site "Heusenstamm, Martinsee"]
[Date "2024.11.24"]
[Round "7.73"]
[White "Schellen, Sven"]
[Black "Rondonuwu, Grover"]
[Result "0-1"]
[WhiteElo "1836"]
[BlackElo "2015"]
[PlyCount "64"]
[EventDate "2024.11.21"]
[WhiteTeam "SV Frankfurt Nord 1926"]
[BlackTeam "Sabt Frankfurter TV 1860"]

1. e4 c5 2. Nf3 g6 3. d3 Bg7 4. g3 Nc6 5. c3 d5 6. Nbd2 e6 7. Qc2 Nge7 8. Be2 O-O 9. O-O Rb8 10. a4 a6 11. Re1 b5 12. e5 Bd7 13. d4 cxd4 14. cxd4 Qb6 15. Nb3 Rfc8 16. Qc5 Qb7 17. axb5 axb5 18. Qc3 Nxe5 19. Nc5 Nxf3+ 20. Bxf3 Qb6 21. Bf4 Rb7 22. Qb4 Nc6 23. Nxd7 Rxd7 24. Rec1 Rdd8 25. Rxc6 Rxc6 26. Qe7 Rf8 27. Ra7 Qxd4 28. Qd7 Rc2 29. Be3 Qc4 30. Bf4 Rxb2 31. Bd6 Rb1+ 32. Kg2 Qf1# 0-1

[Event "Sparkassen-Open A"]
[Site "Heusenstamm, Martinsee"]
[Date "2024.11.24"]
[Round "7.74"]
[White "von Auer, Ulrich"]
[Black "Maul, Kilian"]
[Result "1/2-1/2"]
[WhiteElo "2007"]
[BlackElo "1849"]
[PlyCount "88"]
[EventDate "2024.11.21"]
[WhiteTeam "SV Oberursel"]
[BlackTeam "SV Oberursel"]

1. d4 c6 2. c4 d5 3. Nf3 Nf6 4. Nc3 Bf5 5. cxd5 cxd5 6. Qb3 b6 7. Bf4 Nc6 8. e3 a6 9. Be2 Na5 10. Qd1 e6 11. Nh4 Bg6 12. Nxg6 hxg6 13. h3 Bd6 14. Bxd6 Qxd6 15. Qa4+ Qc6 16. Rc1 Qxa4 17. Nxa4 b5 18. Nc5 O-O 19. O-O Rfb8 20. b3 Kf8 21. Rc2 Ke7 22. Rfc1 Ra7 23. Nd3 Nd7 24. Nb4 Kd6 25. Bf3 Nb6 26. Kf1 Kd7 27. e4 dxe4 28. Bxe4 Rc8 29. f4 f5 30. Bf3 Kd8 31. Ke2 Rxc2+ 32. Rxc2 Kd7 33. Kd3 Na8 34. d5 exd5 35. Nxd5 Kd6 36. Nb4 Nc7 37. Nc6 Nxc6 38. Rxc6+ Ke7 39. Rxg6 Ne6 40. Ke3 Kf7 41. Bh5 Rc7 42. Rg3+ Kf6 43. Bd1 Rc1 44. Kd2 Ra1 1/2-1/2